[Event "ch-CHN Women 2020"]
[Site "Xinghua CHN"]
[Date "2020.12.22"]
[Round "4.4"]
[White "Song, Yuxin"]
[Black "Hu, Yu A."]
[Result "1-0"]
[WhiteTitle "WIM"]
[WhiteElo "2290"]
[BlackElo "2094"]
[WhiteFideId "8614300"]
[BlackFideId "8609993"]
[EventDate "2020.12.19"]

1. e4 c5 2. Nf3 d6 3. Bb5+ Bd7 4. Bxd7+ Nxd7 5. O-O Ngf6 6. Qe2 e6 7. c4 Ne5 8.
b3 Be7 9. Bb2 Nc6 10. d4 cxd4 11. Nxd4 Nxd4 12. Bxd4 O-O 13. Rd1 Qc7 14. Nc3 a6
15. Rac1 Nd7 16. Qb2 Bf6 17. Bxf6 Nxf6 18. Rd3 Rfd8 19. Rcd1 Rd7 20. Qd2 Rad8
21. Rg3 Ne8 22. Kf1 Qc6 23. Qg5 Qc5 24. Qxc5 dxc5 25. Rxd7 Rxd7 26. Ke2 f6 27.
Rd3 Rc7 28. f4 Kf7 29. Ke3 Ke7 30. e5 Rc8 31. Ne4 f5 32. Nd6 Nxd6 33. Rxd6 Rd8
34. Rb6 Rd7 35. a3 Kf7 36. b4 cxb4 37. axb4 Re7 38. Kd4 Rd7+ 39. Kc3 h6 40. c5
g5 41. g3 gxf4 42. gxf4 Re7 43. c6 bxc6 44. Rxa6 Kg6 45. Rxc6 Kh5 46. Kb3 Kg4
47. Rc4 Kh3 48. Rc2 h5 49. b5 Kg4 50. Rf2 h4 51. Kb4 h3 52. b6 Kh4 53. Kc5 Rg7
54. Rb2 Rg2 55. Rb1 Rxh2 56. b7 Rc2+ 57. Kd6 Rd2+ 58. Ke7 1-0

[Event "ch-CHN Women 2020"]
[Site "Xinghua CHN"]
[Date "2020.12.22"]
[Round "4.5"]
[White "Ni, Shiqun"]
[Black "Yan, Tianqi"]
[Result "1/2-1/2"]
[WhiteTitle "WGM"]
[WhiteElo "2389"]
[BlackElo "2207"]
[WhiteFideId "8608466"]
[BlackFideId "8615250"]
[EventDate "2020.12.19"]

1. e4 e6 2. d4 d5 3. Nd2 c5 4. exd5 Qxd5 5. Ngf3 cxd4 6. Bc4 Qd6 7. O-O Nf6 8.
Nb3 Nc6 9. Nfxd4 Nxd4 10. Nxd4 a6 11. Re1 Qc7 12. Bb3 Bd6 13. Nf5 Bxh2+ 14. Kh1
O-O 15. Nxg7 Rd8 16. Qf3 Kxg7 17. Bh6+ Kg6 18. c3 Nh5 19. Bc1 Bf4 20. g4 Ng3+
21. fxg3 Bxc1 22. Raxc1 Bd7 23. Kh2 Bc6 24. Qe3 h6 25. Rf1 Kg7 26. Rce1 Rd7 27.
Rf6 Kxf6 28. Qxh6+ Ke7 29. Rxe6+ fxe6 30. Qxe6+ Kd8 31. Qg8+ Ke7 32. Qe6+ 1/2-1/2

[Event "ch-CHN Women 2020"]
[Site "Xinghua CHN"]
[Date "2020.12.22"]
[Round "4.6"]
[White "Zhai, Mo"]
[Black "Yuan, Ye"]
[Result "1/2-1/2"]
[WhiteTitle "WGM"]
[WhiteElo "2366"]
[BlackElo "2081"]
[WhiteFideId "8600201"]
[BlackFideId "8608415"]
[EventDate "2020.12.19"]

1. Nf3 d5 2. g3 c6 3. Bg2 Nf6 4. O-O g6 5. d3 Bg7 6. Nbd2 Nbd7 7. e4 Qc7 8. Re1
dxe4 9. dxe4 e5 10. a4 a5 11. b3 O-O 12. Nc4 Rd8 13. Qd6 Qxd6 14. Nxd6 Nc5 15.
Ba3 Rxd6 16. Bxc5 Rd8 17. Bb6 Re8 18. Rad1 Bg4 19. h3 Nd7 20. Be3 Bxf3 21. Bxf3
Nf8 22. Be2 Bf6 23. Bc4 Bd8 24. Rd2 Bc7 25. Red1 Rad8 26. Bg5 Rxd2 27. Rxd2 Kg7
28. Rd3 f6 29. Bc1 Rd8 30. Rxd8 Bxd8 31. Be3 Bc7 32. h4 b6 33. Kf1 Nd7 34. Ke2
Nc5 35. f3 Bd6 36. g4 h6 37. Kf2 g5 38. Kg3 Kf8 39. Be2 Bc7 40. hxg5 hxg5 41.
Bxc5+ bxc5 42. Bc4 Ke7 43. Kf2 Kd7 44. Ke3 Bd6 45. Kd3 Kc7 46. Bf7 Be7 47. Kc4
Bd6 48. Be8 Be7 1/2-1/2

[Event "ch-CHN Women 2020"]
[Site "Xinghua CHN"]
[Date "2020.12.23"]
[Round "5.1"]
[White "Yuan, Ye"]
[Black "Guo, Qi"]
[Result "1/2-1/2"]
[BlackTitle "IM"]
[WhiteElo "2081"]
[BlackElo "2418"]
[WhiteFideId "8608415"]
[BlackFideId "8604002"]
[EventDate "2020.12.19"]

1. d4 Nf6 2. c4 e6 3. g3 d5 4. Bg2 dxc4 5. Nf3 c5 6. O-O Nc6 7. dxc5 Qxd1 8.
Rxd1 Bxc5 9. Nbd2 c3 10. bxc3 O-O 11. Nb3 Be7 12. Nfd4 Nxd4 13. cxd4 Nd5 14. Na5
Bd7 15. Nxb7 Ba4 16. Rd3 Rfc8 17. Nc5 Bxc5 18. dxc5 Rxc5 19. Bxd5 Rxd5 20. Rxd5
exd5 21. Bb2 f6 22. Rc1 Bb5 23. e3 Bc4 24. Bd4 Bxa2 25. Ra1 Bc4 26. Rxa7 Rxa7
27. Bxa7 h5 28. f3 g5 29. Kf2 Kf7 30. h4 gxh4 1/2-1/2

[Event "ch-CHN Women 2020"]
[Site "Xinghua CHN"]
[Date "2020.12.23"]
[Round "5.2"]
[White "Yan, Tianqi"]
[Black "Zhai, Mo"]
[Result "0-1"]
[BlackTitle "WGM"]
[WhiteElo "2207"]
[BlackElo "2366"]
[WhiteFideId "8615250"]
[BlackFideId "8600201"]
[EventDate "2020.12.19"]

1. e4 e6 2. d4 d5 3. Nc3 dxe4 4. Nxe4 Bd7 5. Nf3 Bc6 6. Bd3 Nd7 7. O-O Ngf6 8.
Ng3 Be7 9. Re1 Bxf3 10. Qxf3 c6 11. c3 O-O 12. Bc2 Re8 13. Bg5 Qb6 14. Qd3 Rad8
15. Nh5 g6 16. Nxf6+ Bxf6 17. Bxf6 Nxf6 18. Rab1 Kg7 19. Qg3 c5 20. dxc5 Qxc5
21. Rbd1 Qc4 22. Rxd8 Rxd8 23. Bb3 Qc5 24. Qf4 h6 25. h3 g5 26. Qc1 Nh5 27. Rd1
Nf4 28. Qe3 Rxd1+ 29. Bxd1 Qxe3 30. fxe3 Nd3 31. b3 Kf6 32. Kf1 Ke5 33. Bc2 Nc5
34. Ke2 f5 35. b4 Nd7 36. a4 h5 37. a5 h4 38. c4 g4 39. Ba4 Nf6 40. Bc2 Ne8 41.
Bb1 Nc7 42. b5 Kd6 43. Kd3 Kc5 44. Kc3 Ne8 45. Bd3 Nd6 46. hxg4 fxg4 47. Be2 h3
48. gxh3 gxh3 49. Bf3 b6 50. axb6 axb6 51. Kd3 Nxc4 52. Ke2 Kxb5 53. Kf2 Kc5 54.
Be4 b5 55. Bc2 b4 56. Kg3 Nxe3 57. Bb3 e5 58. Kxh3 Kd4 59. Kg3 Nf1+ 0-1

[Event "ch-CHN Women 2020"]
[Site "Xinghua CHN"]
[Date "2020.12.23"]
[Round "5.3"]
[White "Hu, Yu A."]
[Black "Ni, Shiqun"]
[Result "0-1"]
[BlackTitle "WGM"]
[WhiteElo "2094"]
[BlackElo "2389"]
[WhiteFideId "8609993"]
[BlackFideId "8608466"]
[EventDate "2020.12.19"]

1. c4 Nf6 2. Nc3 e5 3. g3 Bc5 4. Bg2 O-O 5. Nf3 Nc6 6. d3 d6 7. O-O a6 8. Bg5 h6
9. Bxf6 Qxf6 10. Nd5 Qd8 11. Rb1 Ba7 12. b4 Ne7 13. Nd2 c6 14. Nxe7+ Qxe7 15. b5
axb5 16. cxb5 d5 17. bxc6 bxc6 18. Qc2 Be6 19. Rfc1 Rfc8 20. Nb3 Bb6 21. Rb2 Qa3
22. Rcb1 Bd4 23. Nxd4 exd4 24. Qb3 Ra7 25. Qb6 c5 26. Qd6 c4 27. Qe5 c3 28. Rc2
Qa4 29. Rbc1 Rb7 30. Bxd5 Rb5 31. e4 Bxd5 32. exd5 Rd8 33. Qc7 Rbxd5 34. Re2
R5d7 35. Qf4 Qb5 36. Rd1 Rc8 37. a4 Qxa4 38. Rde1 Rf8 39. Re8 Rd8 40. Rxd8 Rxd8
41. Qc7 Re8 42. Rb1 Qa2 43. Rb5 Qe2 44. Rf5 Qe6 45. Rc5 Qg6 46. Qd7 Re1+ 47. Kg2
Qxd3 48. Rc8+ Kh7 49. Qxf7 Qe4+ 0-1

[Event "ch-CHN Women 2020"]
[Site "Xinghua CHN"]
[Date "2020.12.23"]
[Round "5.4"]
[White "Li, Xueyi"]
[Black "Song, Yuxin"]
[Result "0-1"]
[WhiteTitle "WGM"]
[BlackTitle "WIM"]
[WhiteElo "2328"]
[BlackElo "2290"]
[WhiteFideId "8605912"]
[BlackFideId "8614300"]
[EventDate "2020.12.19"]

1. d4 Nf6 2. c4 e6 3. g3 d5 4. Bg2 Bb4+ 5. Bd2 Be7 6. Nf3 O-O 7. O-O Nbd7 8. Bf4
c6 9. Nc3 dxc4 10. e4 a5 11. a4 b6 12. Qe2 Ba6 13. Rfd1 Rc8 14. h4 h6 15. Bh3
Re8 16. Qc2 Bb4 17. Bg2 Kh8 18. Bh3 Kg8 19. g4 Nf8 20. g5 Nh5 21. Be3 hxg5 22.
Nxg5 Qc7 23. e5 g6 24. Nce4 Be7 25. Qe2 c5 26. Qf3 Bxg5 27. hxg5 Bb7 28. Bg2
cxd4 29. Bxd4 Nd7 30. Nf6+ Nhxf6 31. Qxb7 Nd5 32. Bxd5 exd5 33. Qxd5 Qc6 34.
Qxc6 Rxc6 35. f4 Nc5 36. Bc3 Nd3 37. Rf1 Kf8 38. Kg2 Rc5 39. Kg3 Ra8 40. Rad1 b5
41. Rh1 Ke7 42. axb5 Rxb5 43. Rd2 a4 44. Ra1 Rb3 45. Ra3 Rxa3 46. bxa3 Rb8 47.
Kg4 Ke6 48. Bd4 Rb3 49. Rh2 Kd5 50. Ba7 c3 51. Rh8 c2 52. Rd8+ 0-1

[Event "ch-CHN Women 2020"]
[Site "Xinghua CHN"]
[Date "2020.12.23"]
[Round "5.5"]
[White "Ning, Kaiyu"]
[Black "Xiao, Yiyi"]
[Result "0-1"]
[WhiteTitle "WIM"]
[BlackTitle "WGM"]
[WhiteElo "2327"]
[BlackElo "2301"]
[WhiteFideId "8614750"]
[BlackFideId "8606161"]
[EventDate "2020.12.19"]

1. d4 Nf6 2. c4 e6 3. g3 d5 4. Bg2 Be7 5. Nf3 O-O 6. Nc3 dxc4 7. Ne5 Nc6 8. Bxc6
bxc6 9. Nxc6 Qe8 10. Nxe7+ Qxe7 11. Qa4 Nd5 12. Qxc4 a5 13. Bd2 Ba6 14. Qc5 Qd7
15. O-O-O Nxc3 16. Qxc3 Bxe2 17. Rde1 Qb5 18. Qc5 Qb7 19. Rhg1 Bf3 20. Re3 Bd5
21. Ra3 Rfb8 22. Bc3 a4 23. Qe7 Ra6 24. Qg5 h6 25. Qd2 Be4 26. Re1 Bg6 27. g4
Rd8 28. Qe3 Qb5 29. f4 Rad6 30. Qe2 Qc6 31. Rf1 Rxd4 32. f5 exf5 33. gxf5 Bxf5
34. Rxf5 Rd1+ 35. Qxd1 Rxd1+ 36. Kxd1 Qd7+ 37. Ke1 Qxf5 38. Rxa4 Qb1+ 39. Kd2
Qh1 40. h4 Qg2+ 41. Kd3 g5 42. hxg5 hxg5 43. Rd4 g4 44. a4 Qf3+ 45. Kc4 g3 46.
Rd8+ Kh7 47. Bd4 Qc6+ 48. Kd3 Qf3+ 49. Kc4 Kg6 50. a5 Kf5 51. b4 Qc6+ 52. Bc5
Qa6+ 53. Kb3 f6 54. Rd1 Kg4 55. Rc1 f5 56. Ka4 c6 57. Kb3 Qd3+ 58. Rc3 Qb1+ 59.
Kc4 f4 60. Bd4 f3 0-1

[Event "ch-CHN Women 2020"]
[Site "Xinghua CHN"]
[Date "2020.12.23"]
[Round "5.6"]
[White "Gu, Xiaobing"]
[Black "Tan, Zhongyi"]
[Result "0-1"]
[WhiteTitle "WGM"]
[BlackTitle "GM"]
[WhiteElo "2263"]
[BlackElo "2510"]
[WhiteFideId "8602611"]
[BlackFideId "8603642"]
[EventDate "2020.12.19"]

1. e4 e5 2. f4 exf4 3. Bc4 d5 4. Bxd5 Nf6 5. Nc3 Nxd5 6. Nxd5 g5 7. d3 Be6 8.
Nc3 Nc6 9. h4 Rg8 10. Nge2 Bc5 11. Na4 Bb4+ 12. Bd2 Qe7 13. c3 Bd6 14. d4 Bg4
15. e5 Bxe5 16. dxe5 Nxe5 17. hxg5 O-O-O 18. Rh4 Qxg5 19. Rxg4 Nd3+ 20. Kf1 Qxg4
21. Nxf4 Nxf4 0-1

[Event "ch-CHN Women 2020"]
[Site "Xinghua CHN"]
[Date "2020.12.24"]
[Round "6.1"]
[White "Guo, Qi"]
[Black "Tan, Zhongyi"]
[Result "1/2-1/2"]
[WhiteTitle "IM"]
[BlackTitle "GM"]
[WhiteElo "2418"]
[BlackElo "2510"]
[WhiteFideId "8604002"]
[BlackFideId "8603642"]
[EventDate "2020.12.19"]

1. d4 d6 2. c4 e5 3. Nc3 exd4 4. Qxd4 Nc6 5. Qd2 g6 6. b3 Bg7 7. Bb2 Nf6 8. g3
O-O 9. Nf3 Re8 10. Bg2 Ne4 11. Nxe4 Rxe4 12. O-O Re8 13. Bxg7 Kxg7 14. Nd4 Bd7
15. Nb5 Be6 16. Rad1 a6 17. Nc3 f6 18. Rfe1 Qe7 19. Qb2 h5 20. h4 Rab8 21. f4
Qf7 22. e4 Bg4 23. Rd2 Ne7 24. Nd5 Nxd5 25. cxd5 Kh7 26. Rf2 Qg7 27. Rc1 Re7 28.
Rfc2 Rf8 29. Qd4 Rff7 30. b4 Qf8 31. Kh2 Qe8 32. Re1 Qa4 33. Qc3 Qe8 34. Qd4 Qa4
35. Qc3 Qe8 36. Qd4 1/2-1/2

[Event "ch-CHN Women 2020"]
[Site "Xinghua CHN"]
[Date "2020.12.24"]
[Round "6.2"]
[White "Xiao, Yiyi"]
[Black "Gu, Xiaobing"]
[Result "1-0"]
[WhiteTitle "WGM"]
[BlackTitle "WGM"]
[WhiteElo "2301"]
[BlackElo "2263"]
[WhiteFideId "8606161"]
[BlackFideId "8602611"]
[EventDate "2020.12.19"]

1. d4 Nf6 2. Nf3 g6 3. Nc3 d5 4. Bf4 Bg7 5. Nb5 Na6 6. e3 c6 7. Nc3 Nc7 8. h3
Bf5 9. Be2 O-O 10. O-O Nce8 11. a4 a5 12. Rc1 Nd6 13. b3 Qb6 14. Re1 Rfe8 15.
Bf1 Nfe4 16. Nxe4 Nxe4 17. c4 dxc4 18. bxc4 Qb2 19. Qe2 Qb4 20. g4 Bc8 21. Qc2
f5 22. Bd3 e5 23. Nxe5 Nc5 24. Ra1 Bxe5 25. Bxe5 Nxd3 26. Qxd3 fxg4 27. c5 b5
28. Reb1 Qc4 29. Qxc4+ bxc4 30. hxg4 Rf8 31. Rb6 Bxg4 32. Rxc6 Bf3 33. Rc7 Rf7
34. Rxf7 Kxf7 35. Rc1 Be2 36. f3 Ke6 37. Kf2 Bd3 38. e4 g5 39. Ke3 Ra7 40. Rh1
Rf7 41. Rh6+ Kd7 42. c6+ Kd8 43. c7+ Kc8 44. Rb6 1-0

[Event "ch-CHN Women 2020"]
[Site "Xinghua CHN"]
[Date "2020.12.24"]
[Round "6.3"]
[White "Song, Yuxin"]
[Black "Ning, Kaiyu"]
[Result "1-0"]
[WhiteTitle "WIM"]
[BlackTitle "WIM"]
[WhiteElo "2290"]
[BlackElo "2327"]
[WhiteFideId "8614300"]
[BlackFideId "8614750"]
[EventDate "2020.12.19"]

1. e4 e6 2. d4 d5 3. Nd2 c5 4. exd5 Qxd5 5. Ngf3 cxd4 6. Bc4 Qd6 7. O-O Nf6 8.
Nb3 Nc6 9. Nbxd4 Nxd4 10. Nxd4 a6 11. Re1 Qc7 12. Bb3 Bd6 13. h3 O-O 14. Bg5
Bh2+ 15. Kf1 Bf4 16. Bxf6 gxf6 17. Qh5 f5 18. Nf3 Kg7 19. g3 Bh6 20. Rad1 Rd8
21. Rxd8 Qxd8 22. g4 fxg4 23. hxg4 Bf4 24. g5 Bd7 25. Re4 Bb5+ 26. Kg2 Qc7 27.
Qh6+ Kg8 28. Qf6 e5 29. Nxe5 Bxe5 30. Qxe5 Qxe5 31. Rxe5 Re8 32. Rxe8+ Bxe8 33.
Bd5 b6 34. Kg3 Kg7 35. Bc4 a5 36. Bd3 h6 37. gxh6+ Kxh6 38. Kf4 f6 39. Kf5 Kg7
40. Ke4 1-0

[Event "ch-CHN Women 2020"]
[Site "Xinghua CHN"]
[Date "2020.12.24"]
[Round "6.4"]
[White "Ni, Shiqun"]
[Black "Li, Xueyi"]
[Result "1-0"]
[WhiteTitle "WGM"]
[BlackTitle "WGM"]
[WhiteElo "2389"]
[BlackElo "2328"]
[WhiteFideId "8608466"]
[BlackFideId "8605912"]
[EventDate "2020.12.19"]

1. e4 c6 2. Nf3 d5 3. d3 g6 4. e5 Bg7 5. d4 c5 6. dxc5 Nc6 7. Bb5 Bg4 8. O-O e6
9. Bxc6+ bxc6 10. Bf4 Qa5 11. Qd2 Qxc5 12. Nd4 h5 13. Re1 Qb6 14. Nc3 Ne7 15.
Na4 Qc7 16. Nc5 Nf5 17. c3 h4 18. h3 Bh5 19. b4 O-O 20. Nxf5 gxf5 21. Bh6 Qd8
22. Bg5 Qc7 23. Qd4 a5 24. Qxh4 Bg6 25. Bf6 axb4 26. cxb4 Ra3 27. Rad1 Rfa8 28.
Rd4 Bxf6 29. exf6 Qd8 30. Nd7 1-0

[Event "ch-CHN Women 2020"]
[Site "Xinghua CHN"]
[Date "2020.12.24"]
[Round "6.5"]
[White "Zhai, Mo"]
[Black "Hu, Yu A."]
[Result "1-0"]
[WhiteTitle "WGM"]
[WhiteElo "2366"]
[BlackElo "2094"]
[WhiteFideId "8600201"]
[BlackFideId "8609993"]
[EventDate "2020.12.19"]

1. Nf3 Nf6 2. g3 d5 3. Bg2 e6 4. c4 Be7 5. O-O O-O 6. b3 d4 7. Bb2 c5 8. b4 Ne8
9. d3 f6 10. Nbd2 e5 11. bxc5 Nd7 12. Nb3 Nxc5 13. Nxc5 Bxc5 14. Nd2 Rb8 15. Nb3
Be7 16. e3 dxe3 17. fxe3 Be6 18. Rc1 Nd6 19. Qe2 e4 20. dxe4 b5 21. cxb5 Bxb3
22. axb3 Rxb5 23. Rfd1 Qb8 24. e5 fxe5 25. Bd5+ Kh8 26. Bxe5 Rf5 27. Qb2 Bf6 28.
Bxf6 Rxf6 29. e4 Nf7 30. Qc3 Qb6+ 31. Qd4 h5 32. Qxb6 axb6 33. Rc8+ Kh7 34. Re8
Ng5 35. e5 Rf5 36. h4 Nh3+ 37. Kg2 Nf2 38. Bg8+ Kh6 39. Rd6+ g6 40. Re7 1-0

[Event "ch-CHN Women 2020"]
[Site "Xinghua CHN"]
[Date "2020.12.24"]
[Round "6.6"]
[White "Yuan, Ye"]
[Black "Yan, Tianqi"]
[Result "1/2-1/2"]
[WhiteElo "2081"]
[BlackElo "2207"]
[WhiteFideId "8608415"]
[BlackFideId "8615250"]
[EventDate "2020.12.19"]

1. d4 d5 2. Bf4 Nf6 3. e3 c5 4. c3 Qb6 5. Qb3 c4 6. Qc2 g6 7. Nd2 Bf5 8. Qc1 Nc6
9. h3 Bg7 10. Ngf3 O-O 11. Be2 Rfc8 12. g4 Bd7 13. Ne5 Be6 14. Bf3 Qd8 15. Qd1
Na5 16. h4 Ne8 17. g5 Nc6 18. Ng4 b5 19. a3 a5 20. h5 b4 21. hxg6 hxg6 22. Nh6+
Kf8 23. Bg2 bxc3 24. bxc3 Nd6 25. Qf3 Qd7 26. Bh3 Rcb8 27. Bxe6 Qxe6 28. Bxd6
exd6 29. Kf1 Rb2 30. Nxc4 dxc4 31. Qxc6 Rab8 32. Qf3 R2b3 33. Rh4 R8b5 34. Re4
Qd7 35. Rf4 Bxh6 36. gxh6 Rh5 37. Qa8+ Qe8 38. Qg2 Qe6 39. Qa8+ Qe8 40. Qg2 Qe6
41. Qa8+ 1/2-1/2

[Event "ch-CHN Women 2020"]
[Site "Xinghua CHN"]
[Date "2020.12.25"]
[Round "7.1"]
[White "Yan, Tianqi"]
[Black "Guo, Qi"]
[Result "1/2-1/2"]
[BlackTitle "IM"]
[WhiteElo "2207"]
[BlackElo "2418"]
[WhiteFideId "8615250"]
[BlackFideId "8604002"]
[EventDate "2020.12.19"]

1. e4 e5 2. Nf3 Nc6 3. Bb5 a6 4. Ba4 Nf6 5. d4 exd4 6. O-O Be7 7. e5 Ne4 8. Nxd4
Nc5 9. Nf5 g6 10. Bxc6 dxc6 11. Nxe7 Qxe7 12. Bh6 Rg8 13. f4 Ne4 14. Nd2 Qc5+
15. Kh1 Bf5 16. Nxe4 Bxe4 17. c3 Rd8 18. Qe2 Bd3 19. Qf2 Qxf2 20. Rxf2 Bf5 21.
h3 Rd3 22. Bg5 h5 23. Rff1 c5 24. c4 Kd7 25. Rfd1 Kc6 26. Rxd3 Bxd3 27. Rc1 Bf5
28. Kg1 Be6 29. Kf2 b5 30. cxb5+ axb5 31. Be7 c4 32. Rd1 Re8 33. Bb4 Bd5 34. a3
Be6 35. Kf3 Bd5+ 36. Kf2 Be4 37. Re1 Bf5 38. Rd1 Bd3 39. Re1 Kd5 40. e6 fxe6 41.
Re5+ Kc6 42. Kf3 Kb6 43. Bc5+ Ka5 44. Bb4+ Ka4 45. Rc5 c6 46. Rxc6 e5 47. Bc3
exf4 48. Ra6+ Kb3 49. Rb6 Ka4 50. Ra6+ Kb3 51. Rb6 Ka4 1/2-1/2

[Event "ch-CHN Women 2020"]
[Site "Xinghua CHN"]
[Date "2020.12.25"]
[Round "7.2"]
[White "Hu, Yu A."]
[Black "Yuan, Ye"]
[Result "1/2-1/2"]
[WhiteElo "2094"]
[BlackElo "2081"]
[WhiteFideId "8609993"]
[BlackFideId "8608415"]
[EventDate "2020.12.19"]

1. e4 e6 2. d4 d5 3. Nd2 dxe4 4. Nxe4 Bd7 5. Nf3 Bc6 6. Bd3 Nd7 7. O-O Ngf6 8.
Ng3 g6 9. b3 Bg7 10. Ba3 Bf8 11. Bb2 Bg7 12. c4 O-O 13. Qe2 Bxf3 14. Qxf3 c6 15.
Rad1 a5 16. a3 Re8 17. Rfe1 Qb6 18. Bc2 Rad8 19. Bc3 Qc7 20. h3 b5 21. Ne4 a4
22. cxb5 axb3 23. Bxb3 Nxe4 24. Rxe4 cxb5 25. Bb4 Nf6 26. Ree1 Qb8 27. d5 Nxd5
28. Bxd5 Rxd5 29. Rxd5 exd5 30. Rxe8+ Qxe8 31. Qxd5 h5 1/2-1/2

[Event "ch-CHN Women 2020"]
[Site "Xinghua CHN"]
[Date "2020.12.25"]
[Round "7.3"]
[White "Li, Xueyi"]
[Black "Zhai, Mo"]
[Result "1/2-1/2"]
[WhiteTitle "WGM"]
[BlackTitle "WGM"]
[WhiteElo "2328"]
[BlackElo "2366"]
[WhiteFideId "8605912"]
[BlackFideId "8600201"]
[EventDate "2020.12.19"]

1. d4 Nf6 2. c4 e6 3. g3 Bb4+ 4. Bd2 a5 5. Bg2 d6 6. Nf3 Nbd7 7. O-O e5 8. Bg5
exd4 9. Nxd4 O-O 10. a3 Bc5 11. Nc3 h6 12. Bf4 Re8 13. Nb3 Bb6 14. Na4 Qe7 15.
Nxb6 Nxb6 16. Rc1 Qxe2 17. c5 dxc5 18. Bxc7 Na4 19. Nxc5 Nxc5 20. Qxe2 Rxe2 21.
Rxc5 Rxb2 22. Bxa5 Be6 23. Bb4 Rb8 24. h3 b6 25. Rcc1 Bd5 26. Bd6 Re8 27. Rb1
Ree2 28. Rxb2 Rxb2 29. Be5 Rb3 30. Bxf6 Bxg2 31. Kxg2 gxf6 1/2-1/2

[Event "ch-CHN Women 2020"]
[Site "Xinghua CHN"]
[Date "2020.12.25"]
[Round "7.4"]
[White "Ning, Kaiyu"]
[Black "Ni, Shiqun"]
[Result "1/2-1/2"]
[WhiteTitle "WIM"]
[BlackTitle "WGM"]
[WhiteElo "2327"]
[BlackElo "2389"]
[WhiteFideId "8614750"]
[BlackFideId "8608466"]
[EventDate "2020.12.19"]

1. e4 e6 2. d4 d5 3. Nd2 c5 4. exd5 Qxd5 5. Ngf3 cxd4 6. Bc4 Qd6 7. O-O Nf6 8.
Nb3 Nc6 9. Nbxd4 Nxd4 10. Nxd4 a6 11. Re1 Qc7 12. Bb3 Bd6 13. Nf5 Bxh2+ 14. Kh1
O-O 15. Nxg7 Rd8 16. Qf3 Kxg7 17. Bh6+ Kg6 18. c3 Nh5 19. Bc1 Bf4 20. g4 Bxc1
21. gxh5+ Kg7 22. Raxc1 b5 23. h6+ Kf8 24. Qf6 Bb7+ 25. Kg1 Qc6 26. Qg7+ Ke8 27.
Qg8+ Ke7 28. Qg5+ Ke8 29. Qg8+ Ke7 30. Qg5+ Ke8 31. Qg8+ 1/2-1/2

[Event "ch-CHN Women 2020"]
[Site "Xinghua CHN"]
[Date "2020.12.25"]
[Round "7.5"]
[White "Gu, Xiaobing"]
[Black "Song, Yuxin"]
[Result "0-1"]
[WhiteTitle "WGM"]
[BlackTitle "WIM"]
[WhiteElo "2263"]
[BlackElo "2290"]
[WhiteFideId "8602611"]
[BlackFideId "8614300"]
[EventDate "2020.12.19"]

1. e4 c5 2. Nc3 Nc6 3. Bb5 Nd4 4. Bc4 a6 5. a4 e6 6. Nf3 Nf6 7. Ba2 d6 8. d3 Nc6
9. O-O Be7 10. Qe2 O-O 11. Bg5 Bd7 12. Rfd1 Qb6 13. Rab1 Nd4 14. Qd2 Qb4 15. a5
Nc6 16. Qf4 Nh5 17. Qh4 Bxg5 18. Nxg5 Nf6 19. f4 h6 20. Nf3 Nd4 21. Nxd4 cxd4
22. Ne2 Qxa5 23. Bb3 e5 24. f5 Bc6 25. g4 d5 26. Ng3 Qd8 27. Re1 dxe4 28. dxe4
d3 29. g5 Qd4+ 30. Kg2 hxg5 31. Qxg5 d2 32. Rf1 Bxe4+ 33. Kh3 Bf3 34. Rxf3 d1=Q
35. Rxd1 Qxd1 36. Rd3 Qe1 37. Nh5 Qf1+ 38. Kh4 Nxh5 39. Qxh5 Qf4+ 40. Kh3 Qh6
41. Qxh6 gxh6 42. Rd6 Kg7 43. f6+ Kg6 44. Bd5 Rad8 45. Be4+ Kg5 46. Rb6 Rd2 47.
Kg3 Rg8 48. h4+ Kh5+ 49. Kh3 Rf2 50. Bd5 Rf8 51. Bxb7 Rf4 52. Bxa6 Rxh4+ 53. Kg3
Rg8+ 54. Kf3 Rf4+ 55. Ke3 Rg3+ 56. Kd2 Rf2+ 57. Be2+ Kg5 0-1

[Event "ch-CHN Women 2020"]
[Site "Xinghua CHN"]
[Date "2020.12.25"]
[Round "7.6"]
[White "Tan, Zhongyi"]
[Black "Xiao, Yiyi"]
[Result "1-0"]
[WhiteTitle "GM"]
[BlackTitle "WGM"]
[WhiteElo "2510"]
[BlackElo "2301"]
[WhiteFideId "8603642"]
[BlackFideId "8606161"]
[EventDate "2020.12.19"]

1. e4 d5 2. exd5 Qxd5 3. Nc3 Qa5 4. d4 Nf6 5. Bc4 Bf5 6. Bd2 c6 7. Nge2 e6 8.
Ne4 Qd8 9. N4g3 Bg6 10. h4 b5 11. Bb3 Be4 12. Nxe4 Nxe4 13. Be3 Nd7 14. Qd3 Nef6
15. a4 a6 16. h5 Bd6 17. c3 Nd5 18. Bd2 N7f6 19. Bc2 h6 20. Kf1 Qc7 21. Re1 Rb8
22. axb5 cxb5 23. Rh4 Kd7 24. Ra1 Rb6 25. Bb3 Rc8 26. Qf3 Qb7 27. Nc1 Kc7 28.
Nd3 Kb8 29. Nc5 Bxc5 30. dxc5 Rxc5 31. Qg3+ e5 32. Qxg7 Qe7 33. Re1 Nd7 34. Rd4
N5f6 35. Rd3 e4 36. Rh3 Rf5 37. Be3 Rc6 38. g4 Rd5 39. Bxd5 Nxd5 40. Bxh6 Re6
41. Qd4 Re5 42. Be3 N7f6 43. h6 Nh7 44. Rh5 Rxh5 45. gxh5 Qe6 46. Qh8+ 1-0

[Event "ch-CHN Women 2020"]
[Site "Xinghua CHN"]
[Date "2020.12.27"]
[Round "8.1"]
[White "Guo, Qi"]
[Black "Xiao, Yiyi"]
[Result "1-0"]
[WhiteTitle "IM"]
[BlackTitle "WGM"]
[WhiteElo "2418"]
[BlackElo "2301"]
[WhiteFideId "8604002"]
[BlackFideId "8606161"]
[EventDate "2020.12.19"]

1. d4 Nf6 2. c4 g6 3. Nc3 d5 4. cxd5 Nxd5 5. e4 Nxc3 6. bxc3 c5 7. Nf3 Bg7 8.
Be3 Qa5 9. Qd2 O-O 10. Rc1 Rd8 11. h4 Nc6 12. d5 e6 13. h5 exd5 14. hxg6 hxg6
15. Bh6 Bh8 16. Bg5 Bg7 17. Bxd8 Qxd8 18. exd5 Ne7 19. c4 Nf5 20. Bd3 Nd6 21.
Qf4 Qe7+ 22. Kf1 Qf6 23. Qxf6 Bxf6 24. g3 Bd7 25. Nd2 Rc8 26. Ne4 Nxe4 27. Bxe4
Bd4 28. Kg2 a6 29. Rhd1 b6 30. Bf3 Kf8 31. Re1 b5 32. d6 Be6 33. Rxe6 fxe6 34.
d7 Rd8 35. Bc6 b4 36. Rh1 Ke7 37. Rh7+ Kd6 38. Ba4 g5 39. f3 Rf8 40. Rf7 Rd8 41.
Kf1 Kc7 42. Re7 Kd6 43. Re8 Bf6 44. Ke2 Ke5 45. Ke3 Kd6 46. Ke4 Be7 47. g4 Bf6
48. f4 Be7 49. f5 exf5+ 50. gxf5 a5 51. Kf3 Rxd7 52. Bxd7 Kxd7 53. Ra8 Kd6 54.
Ra6+ 1-0

[Event "ch-CHN Women 2020"]
[Site "Xinghua CHN"]
[Date "2020.12.27"]
[Round "8.2"]
[White "Song, Yuxin"]
[Black "Tan, Zhongyi"]
[Result "1/2-1/2"]
[WhiteTitle "WIM"]
[BlackTitle "GM"]
[WhiteElo "2290"]
[BlackElo "2510"]
[WhiteFideId "8614300"]
[BlackFideId "8603642"]
[EventDate "2020.12.19"]

1. e4 e5 2. Nf3 Nc6 3. Bb5 a6 4. Ba4 Nf6 5. O-O Be7 6. Re1 b5 7. Bb3 d6 8. c3
O-O 9. h3 Nb8 10. d4 Nbd7 11. Nbd2 c5 12. Nf1 Re8 13. Ng3 Bf8 14. Bc2 g6 15. d5
c4 16. Bg5 Bg7 17. Nd2 Nc5 18. b4 cxb3 19. axb3 h6 20. Be3 Qc7 21. Qe2 Ncd7 22.
Bd3 Rb8 23. b4 h5 24. Rec1 h4 25. Ngf1 Nh5 26. c4 bxc4 27. Bxc4 Nf4 28. Qf3 Qb7
29. Bxa6 Qxb4 30. Rcb1 Qc3 31. Rc1 Qb4 32. Rcb1 Qc3 33. Rc1 1/2-1/2